Fake! The many facets of the forger's art (Registro nro. 53754)
[ vista simple ]
| 000 -LÍDER | |
|---|---|
| Campo fijo de descripción fija | 01383aas a2200229 4500 |
| 001 - NÚMERO DE CONTROL | |
| Campo de control | 768714001 |
| 003 - IDENTIFICADOR DEL NÚMERO DE CONTROL | |
| Campo de control | CO-MdFUSB |
| 005 - FECHA Y HORA DE LA ULTIMA TRANSACCIÓN | |
| control field | 20171107163054.0 |
| 008 - ELEMENTOS DE LONGITUD FIJA -- INFORMACIÓN GENERAL | |
| Campo fijo de descripción fija -- Información general | 170728s1997 xxu||||| |||| 00| 0 eng d |
| 022 ## - NÚMERO INTERNACIONAL NORMALIZADO PARA PUBLICACIONES SERIADAS | |
| Número Internacional Normalizado para Publicaciones Seriadas | CO-MdFUSB |
| 040 ## - FUENTE DE CATALOGACIÓN | |
| Agencia Catalogadora | 0098-9444 |
| Idioma de catalogación | spa |
| Agencia que realiza la transcripción | CO-MdFUSB |
| Agencia que realiza la modificación | CO-MdFUSB |
| 041 ## - CÓDIGO DE IDIOMA | |
| Código de idioma para texto/pista de sonido o título separado | eng |
| 100 1# - ASIENTO PRINCIPAL--NOMBRE PERSONAL | |
| Nombre personal | Lehrer-Jacobson, Gusta |
| Término relacionador | 28 cm. |
| 242 ## - TRADUCCIÓN DEL TÍTULO POR AGENCIA CATALOGADORA | |
| Traducción del título | ¡Falso! Las muchas facetas del arte del falsificador |
| 245 #0 - TÍTULO | |
| Título | Fake! The many facets of the forger's art |
| Mención de responsabilidad | / Gusta Lehrer-Jacobson |
| 300 ## - DESCRIPCIÓN FÍSICA | |
| Extensión | Volumen 23. Número 2 (1997), páginas 36-67 |
| Dimensiones | : 28 cm. |
| 520 ## - NOTA DE RESUMEN, ETC. | |
| Nota de sumario, etc. | Mientras las personas han estado elaborando hermosos y valiosos objetos, otros han estado ocupados creando falsificaciones de estos mismos objetos. Esta guía a través del nefasto pero altamente inventivo mundo de las falsificaciones resalta las muchas técnicas preferidas por los falsificadores, y las herramientas igualmente ingeniosas utilizadas para desenmascararlas. Una barra lateral explica cómo los falsificadores reducen involuntariamente el saqueo de sitios y advierte a quienes no están familiarizados con las formas en que los falsificadores se cuidan del mercado de antigüedades. |
| 546 ## - NOTA DE IDIOMA | |
| Nota de idioma | Texto en inglés |
| 650 #7 - ASIENTO SECUNDARIO DE MATERIA - TERMINO TEMÁTICO | |
| 9 (RLIN) | 403 |
| Término temático o nombre geográfico como elemento de entrada | Excavaciones arqueológicas |
| 773 0# - ASIENTO DE ITEM FUENTE | |
| Título | Biblical Archaeology Review |
| Biblionumber | 49395 |
| Itemnumber | 59491 |
| Parte(s) relacionada(s) / Volumen., número. (mes año), páginas | Volumen 23. Número 2 (1997), páginas 36-67 |
| Enumeración y primera página | Página 36 |
| 942 ## - TIPO DE MATERIAL (KOHA) | |
| Tipo de Item KOHA | Artículos de Revista |
| Expurgo - (Retirado) | Estado de Perdido | Estado de Dañado | No prestable | Colección | Ubicación habitual | Ubicación actual | Fecha de Adquisición | Signatura Topográfica | Tipo de Material |
|---|---|---|---|---|---|---|---|---|---|
| Colección de Hemeroteca | Biblioteca FUSBC | Biblioteca FUSBC | 26/01/2016 | Artículos de Revista |
